000 00415pab a2200169 454500
008 180718b1997 xxu||||| |||| 00| 0 eng d
100 _aEmlen, Stephen T.
245 _aThe evolutionary study of human family systems
260 _c1997
300 _ap.563-89
362 _aDec
650 _aSexual abuse
650 _aChild abuse
650 _aFamily
773 _aSocial Science Information
909 _a37193
999 _c37193
_d37193